000 00581nam a2200181Ia 4500
008 151018s9999 xx 000 0 und d
082 _bRBASDV3444
_a891.463
100 _aशरदचंद्र सबनीस
245 _aखुनाचा माग
250 _b1
260 _bरम्यकथा प्रकाशन
_c1951
300 _a95
600 _aशरदचंद्र सबनीस
630 _aखुनाचा माग
700 _aशरदचंद्र सबनीस
730 _aखुनाचा माग
942 _cBOOK
999 _c1005848
_d1005845